<?xml version="1.0" encoding="UTF-8"?>
<record
    xmlns:xsi="http://www.w3.org/2001/XMLSchema-instance"
    xsi:schemaLocation="http://www.loc.gov/MARC21/slim http://www.loc.gov/standards/marcxml/schema/MARC21slim.xsd"
    xmlns="http://www.loc.gov/MARC21/slim">

  <leader>00621nam a2200229Ia 4500</leader>
  <controlfield tag="005">20230329142614.0</controlfield>
  <controlfield tag="008">230125s9999    xx            000 0 und d</controlfield>
  <datafield tag="020" ind1=" " ind2=" ">
    <subfield code="a">9789352623891</subfield>
  </datafield>
  <datafield tag="041" ind1=" " ind2=" ">
    <subfield code="a">eng</subfield>
  </datafield>
  <datafield tag="082" ind1=" " ind2=" ">
    <subfield code="a">658.8</subfield>
    <subfield code="b">KAM</subfield>
  </datafield>
  <datafield tag="100" ind1=" " ind2=" ">
    <subfield code="a">Kamat N</subfield>
    <subfield code="9">116944</subfield>
  </datafield>
  <datafield tag="245" ind1=" " ind2=" ">
    <subfield code="a">Digital Marketing</subfield>
  </datafield>
  <datafield tag="250" ind1=" " ind2=" ">
    <subfield code="a">Ed.1st</subfield>
  </datafield>
  <datafield tag="260" ind1=" " ind2=" ">
    <subfield code="c">2017</subfield>
    <subfield code="b">Himalaya Publishing House</subfield>
    <subfield code="a">Mumbai</subfield>
  </datafield>
  <datafield tag="300" ind1=" " ind2=" ">
    <subfield code="a">241p</subfield>
  </datafield>
  <datafield tag="500" ind1=" " ind2=" ">
    <subfield code="a">Digital Marketing;Marketing Management</subfield>
  </datafield>
  <datafield tag="650" ind1=" " ind2=" ">
    <subfield code="a">Digital Marketing;Marketing Management</subfield>
    <subfield code="9">119855</subfield>
  </datafield>
  <datafield tag="700" ind1=" " ind2=" ">
    <subfield code="a">Kamat N &amp; Kamat C N</subfield>
    <subfield code="9">116945</subfield>
  </datafield>
  <datafield tag="906" ind1=" " ind2=" ">
    <subfield code="b">65.1</subfield>
  </datafield>
  <datafield tag="942" ind1=" " ind2=" ">
    <subfield code="c">BK</subfield>
  </datafield>
  <datafield tag="999" ind1=" " ind2=" ">
    <subfield code="c">94664</subfield>
    <subfield code="d">94664</subfield>
  </datafield>
  <datafield tag="952" ind1=" " ind2=" ">
    <subfield code="0">0</subfield>
    <subfield code="1">0</subfield>
    <subfield code="4">0</subfield>
    <subfield code="7">0</subfield>
    <subfield code="a">HIMR</subfield>
    <subfield code="b">HIMR</subfield>
    <subfield code="d">2017-03-01</subfield>
    <subfield code="e">Suyog Enterprises</subfield>
    <subfield code="g">210.00</subfield>
    <subfield code="i">SE/SI/3819</subfield>
    <subfield code="l">0</subfield>
    <subfield code="o">658.8 KAM B15450</subfield>
    <subfield code="p">HIMR-BK-15450</subfield>
    <subfield code="r">2023-01-25 00:00:00</subfield>
    <subfield code="v">144.90</subfield>
    <subfield code="w">2017-02-25</subfield>
    <subfield code="y">BK</subfield>
    <subfield code="z">B15450</subfield>
  </datafield>
  <datafield tag="952" ind1=" " ind2=" ">
    <subfield code="0">0</subfield>
    <subfield code="1">0</subfield>
    <subfield code="4">0</subfield>
    <subfield code="7">0</subfield>
    <subfield code="a">HIMR</subfield>
    <subfield code="b">HIMR</subfield>
    <subfield code="d">2017-03-01</subfield>
    <subfield code="e">Suyog Enterprises</subfield>
    <subfield code="g">210.00</subfield>
    <subfield code="i">SE/SI/3819</subfield>
    <subfield code="l">0</subfield>
    <subfield code="o">658.8 KAM B15451</subfield>
    <subfield code="p">HIMR-BK-15451</subfield>
    <subfield code="r">2023-01-25 00:00:00</subfield>
    <subfield code="v">144.90</subfield>
    <subfield code="w">2017-02-25</subfield>
    <subfield code="y">BK</subfield>
    <subfield code="z">B15451</subfield>
  </datafield>
</record>
